000 00615nam a22001697a 4500
008 140901b xxu||||| |||| 00| 0 eng d
020 _a0406092435
050 _aKD275.4.L39(1965)
245 _aThe Law Reports, Appeal Cases(1965): House of Lords and Judicial Committee of the Privy Council and Peerage Cases. /
_cedited by R.P. Colinvaux and Charles Clayton
260 _aLondon:
_bButterworth and Co. Ltd.,
_c1965.
300 _axiii, 1284p.:
_c24cm.
440 _pAppeal Cases,1965.
700 _aColinvaux, R.P.
700 _aClayton, Charles
800 _aColinvaux, R.P. Clayton, Charles
942 _2lcc
_cBK
999 _c3941
_d11441